000 01445nam a22004210a 4500
001 PT19519
003 AR-LpoUNG
005 20210201010532.0
008 201001s2003||||sp |||||||||||||||||spa d
020 _a8432311480
_c$6,67
040 _aAR-LpoUNG
_bspa
_eaacr
041 _aspa
044 _asp
082 0 _a982.064 43luc
100 1 _aPino, Ponciano del
245 1 0 _aLuchas locales, comunidades e identidades
260 _aMadrid :
_bSiglo Veintiuno,
_cnoviembre de 2003.
300 _a231 p. :
_bil.
_3Impreso
490 0 _aMemorias de la represión ;
_vv.6
520 _aEl volumen forma parte de la serie: Memorias de la Represión, que pone a disposición del público los resultados de un programa desarrollado por el Panel regional de América Latina, del Social Science Research Council, con el próposito de promover la investigación y la formación de investigadores sobre las memorias de la represión política en el Cono Sur.
650 4 _aAMERICA DEL SUR
650 4 _aAMERICA LATINA
650 4 _aANALISIS HISTORICO
650 4 _aASPECTOS POLITICOS
650 4 _aAUTORITARISMO
650 4 _aCONCIENTIZACION
650 4 _aDERECHOS HUMANOS
650 4 _aDICTADURA
650 4 _aFUERZAS ARMADAS
650 4 _aHISTORIA
650 4 _aPOLITICA
651 4 _aAmérica Latina
653 _aMAES
653 _aREPRESION
700 1 _aJelin, Elizabeth
_ecomp.
905 _a19519
942 _cLIB
999 _c51709
_d51709